Statystyki dla Powiaty Województwa Świętokrzyskiego (z Mapą)

Kliknij tutaj aby rozwiązać quiz!

Ogólne statystyki

  • Ten quiz został rozwiązany 13 793 razy
  • Średni wynik to 9 z 14

Odpowiedzi na mapie

Odpowiedzi skodowane kolorowo w zielono-czerwonej skali na mapie do tego quizu, zgodnie z poniższymi procentami.
 

Statystyki odpowiedzi

Powiaty% Poprawnych
Kielecki
97%
Kielce
95%
Sandomierski
76%
Ostrowiecki
64%
Skarżyski
61%
Starachowicki
61%
Jędrzejowski
58%
Opatowski
58%
Buski
57%
Włoszczowski
52%
Kazimierski
51%
Pińczowski
49%
Staszowski
49%
Konecki
48%

Rozkład punktacji

Percentyl według liczby udzielonych odpowiedzi

Procent ludzi z każdym wynikiem

Twoja historia wyników

Nie rozwiązałeś tego quizu